000 00254nam a2200097Ia 4500
001 932648
005 20250826214930.0
008 250824s9999 xx 000 0 und d
245 0 _aFARKLI YÖNLERİYLE TÜRKLER
_cDİLAVER CEBECİ
260 _bPANAMA YAYINLARI
999 _c932648
_d932648